000
00318 a2200157 4500
001
46028
020
_a
040
_c
Anchieta - Aquarius
240
1
0
_a
Viagens Espaciais
_l
por
245
1
0
_a
Viagens Espaciais
300
_a
362
0
_a
2000
440
1
_a
Abril
650
4
_a
Enciclopédias gerais
942
_c
BK
999
_c
46028
_d
46028